• 首页
  • 本馆介绍
  • 公告通知
  • 最新文献
  • 馆藏检索
  • 电子资源
  • 读者导购
  • 参考咨询
  • 我的图书馆
  • 登录
  • 详细信息显示
  • 放入我的书架
  • 预约/预借图书
  • 作者相关作品
  • 分类相关作品
  • 丛书相关作品
  • 出版社相关作品

书目信息

  • 表格格式
  • 工作单格式
  • 卡片格式
题名:
三十六计新编
    
 
作者: 李炳彦 编
分册:  
出版信息: 北京   战士出版社  1981
页数: 111页
开本: 21cm
丛书名:
单 册:
中图分类: E89
科图分类:
主题词: 兵法--研究--中国--古代
电子资源:
ISBN:
000 00590nam0 2200229 45
001 1550922692
005 20150128081419.21
010    @dCNY0.46
091    @aCN@b5185.9
100    @a19950226d1981 em y0chiy0121 ea
101 0  @achi
102    @aCN@b110000
105    @ay z 000yy
200 10 @a三十六计新编@Asan shi liu ji xin bian@f李炳彦编
210    @a北京@c战士出版社@d1981
215    @a111页@d21cm
605    @a三十六计@x译文
606    @a兵法@x研究@y中国@z古代
690    @aE89@v4
701  0 @a李炳彦@Ali bing yan@4编
801  0 @aCN@bTSSF@c20150128
905    @aZUCC@dE89@eJY9
    
    三十六计新编/李炳彦编.-北京:战士出版社,1981
    111页;21cm
    
    
    ISBN :CNY0.46
    
●
相关链接 在E读中查询图书 在五车中查询图书 在当当中查询图书 在豆瓣中查询图书


正题名:三十六计新编     索取号:E89/JY9         预约/预借

序号 登录号 条形码 馆藏地/架位号 状态 备注
1 7843825   278438255   学院路分馆/ [索取号:E89/JY9] 在馆    
2 7843826   278438264   学院路分馆/ [索取号:E89/JY9] 在馆    
唐山师范学院图书馆 欢迎您!
大连网信软件有限公司© 版权所有